|
|
|
|
| LEADER |
00957cam a2200241 a 4500 |
| 001 |
0000100683 |
| 005 |
20110322090000.0 |
| 040 |
|
|
|a mod
|
| 041 |
|
|
|a eng
|
| 020 |
0 |
0 |
|a 9679472264
|
| 090 |
0 |
0 |
|a 327.172
|b BRI
|e 1997
|
| 245 |
0 |
0 |
|a Bringing peace to the Pacific
|b papers presented at the Tenth Asia-Pacific Roundtable, Kuala Lumpur, June 5-8, 1996
|c edited by Mohamed Jawhar Hassan, Sheikh Ahmad Raffie
|
| 260 |
0 |
0 |
|a Kuala Lumpur
|b ISIS Malaysia
|c 1997
|
| 300 |
|
|
|a viii, 697 p.
|b ill.
|c 22 cm
|
| 504 |
0 |
0 |
|a Includes bibliographical references
|
| 650 |
0 |
0 |
|a National security
|z Pacific Area
|x Congresses
|
| 650 |
0 |
0 |
|a National security
|z Asia
|x Congresses
|
| 700 |
1 |
1 |
|a Ahmad Raffie
|h Sheikh
|
| 700 |
1 |
1 |
|a Jawhar
|h Hassan
|
| 710 |
1 |
1 |
|a Institute of Strategic and International Studies (Malaysia)
|
| 852 |
0 |
0 |
|a 01
|
| 999 |
|
|
|a 0000001530
|b MTAT
|d BOOKS
|e Umum
|f MTAT
|j AVAILABLE
|p 1
|q GOOD CONDITION
|
| 999 |
|
|
|a B000015073
|b KD Malaya
|d BOOKS
|e Umum
|f KD MALAYA
|j AVAILABLE
|q GOOD CONDITION
|